00253nam a2200097 4500245005100000100002200051260004100073300000900114490001500123082001700138 aSelected philosophical workscGeorgi Plekhanov aPlekhanov, Georgi a2nd ed.bMoscowcProgress Publishers a1974 av.; 22cm. a335.401bPLE